000 00917cam a2200241 a 4500
001 12911927
005 20250506121640.0
008 020830s2002 nyua bf 001 0 eng
020 _a0471222828
050 0 0 _aHD31
_b.A6456 2002
100 1 _aArgenti, Paul A.
245 1 4 _aThe fast forward MBA pocket reference /
_cPaul A. Argenti.
250 _a2nd ed.
260 _aNew York :
_bJ. Wiley,
_cc2002.
300 _axvi, 352 p. :
_bill. ;
_c23 cm.
440 4 _aThe fast forward MBA series
500 _a"The portable MBA"--Cover.
650 0 _aIndustrial management
_vHandbooks, manuals, etc.
856 4 2 _3Contributor biographical information
_uhttp://www.loc.gov/catdir/bios/wiley043/2002511949.html
856 4 2 _3Publisher description
_uhttp://www.loc.gov/catdir/description/wiley036/2002511949.html
856 4 1 _3Table of contents
_uhttp://www.loc.gov/catdir/toc/fy032/2002511949.html
942 _2lcc
_cBK
_n0
999 _c5673
_d5673